Ranking dos Estados Brasileiros por população parda - Statistics

Estatísticas Gerais
  • Esse quiz foi jogado 131 vezes
  • A pontuação média é 20 de 27
Estatísticas das Respostas
% Estado População parda % Correto
1 Pará 69,9%
96%
2 Amazonas 69,0%
88%
25 Paraná 25,4%
85%
27 Rio Grande do Sul 10,6%
85%
26 Santa Catarina 12,6%
85%
3 Acre 66,9%
84%
24 São Paulo 29,4%
81%
23 Rio de Janeiro 39,6%
79%
5 Amapá 65,7%
78%
12 Bahia 59,5%
78%
4 Maranhão 66,9%
78%
8 Ceará 62,3%
75%
21 Minas Gerais 44,6%
75%
6 Piauí 64,3%
75%
7 Tocantins 63,6%
75%
22 Mato Grosso do Sul 44,1%
73%
18 Goiás 50,3%
72%
13 Rondônia 55,8%
72%
11 Alagoas 60,8%
70%
20 Distrito Federal 48,6%
69%
19 Espírito Santo 48,7%
69%
15 Paraíba 52,9%
69%
10 Roraima 60,9%
69%
9 Sergipe 61,8%
67%
16 Mato Grosso 52,8%
66%
14 Pernambuco 55,5%
66%
17 Rio Grande do Norte 52,8%
63%
Nenhum quiz correspondente encontrado
Distribuição das Pontuações
Porcentagem de Pessoas com Cada Pontuação
Percentil de Números Respondidos
Sua Pontuação Histórica
Você não jogou esse quiz